| 000 | 00442nam a22001697a 4500 | ||
|---|---|---|---|
| 003 | OSt | ||
| 005 | 20180116182948.0 | ||
| 008 | 131008b xxu||||| |||| 00| 0 eng d | ||
| 020 | _a978412995306 | ||
| 040 | _c0 | ||
| 082 | _a300.72 CRE 2013 | ||
| 100 | _aJohan W. Creswell | ||
| 245 |
_aQualitiative Inquiry & Research Desighn _bChoosing Among Five Approaches _cJohan W. Creswell |
||
| 260 | _c2013 | ||
| 300 | _a448p. | ||
| 942 |
_2ddc _cBK |
||
| 999 |
_c349395 _d349395 |
||